000 00393nam a2200157Ia 4500
008 160316s2000 xxu||||| |||| 00| 0 eng d
082 _a346.066000
_bBUC-II-1-1
100 _aBuckley
245 _aCompanies act Vol. II Part I
250 _a
260 _aLondon
_bButterworths
_c2000
300 _a400p
_b
_c
365 _b
650 _a1. Company Law - Corporate Law - U K
700 _a
_a
999 _c17824
_d17824